| 000 | 00839nam a2200217Ia 4500 | ||
|---|---|---|---|
| 001 | 17550 | ||
| 003 | GE_BSU | ||
| 008 | 181216s||||||||xx |||||||||||||| ||und|| | ||
| 020 | _a978-617-638-192-1 | ||
| 040 | _cGE_BSU | ||
| 080 | _a94(477.7)-027 | ||
| 100 | _aГветадзе, Іван Георгійович | ||
| 245 | _aДоброчинна та просвітницька діяльність іноземців на Півдні України (40-ві рр. XIX - початок XX | ||
| 260 | _aДонецьк | ||
| 260 | _c2013 | ||
| 300 | _a392 стр. | ||
| 300 | _eБібліогр.: с.313-370 | ||
| 520 | _aНа укр. яз | ||
| 653 | _aДоброчинна та просвітницька діяльність іноземців на Півдні України (40-ві рр. XIX - початок XX | ||
| 942 | _cBK | ||
| 999 |
_c50600 _d50600 |
||